Celebrity or Star Wars Character? Quiz Stats

 Plays Quiz Updated Jun 29, 2017

Support Sporcle.
Go Orange.
Score 0/20 Timer 02:00
3 Plays Today
Name (C)elebrity or (S)tar Wars % Correct
Han Solo???
94.8%
Jon Bon Jovi???
94%
Keanu Reeves???
93.3%
Kylo Ren???
92.3%
Leia Organa???
92.3%
Lando Calrissian???
90.1%
Elon Musk???
89.7%
Mace Windu???
89.6%
Qui-Gon Jinn ???
88.7%
Eliza Dushku???
87.5%
Name (C)elebrity or (S)tar Wars % Correct
Zsa Zsa Gabor???
83.5%
Dweezil Zappa???
78.1%
Wilhuff Tarkin???
77.1%
Reince Priebus???
74.4%
Bib Fortuna???
73.7%
Maz Kanata ???
73.4%
Hoda Kotb???
68.9%
Ban Ki-moon???
65.7%
Nien Nunb???
63.3%
Tuukka Rask???
48.1%

You're not logged in!

Compare scores with friends on all Sporcle quizzes.
OR
Log In
Forgot?

From the Vault

The Sporcle Zoo VI

by beforever

Despite their fluffiness, we would not suggest trying to cuddle with these animals.
Remove Ads.
Support Sporcle.
Get the best of Sporcle when you Go Orange. This ad-free experience offers more features, more stats, and more fun while also helping to support Sporcle. Thank you for becoming a member.

Show Comments

Extras

Top Quizzes Today


Score Distribution

Your Account Isn't Verified!

In order to create a playlist on Sporcle, you need to verify the email address you used during registration. Go to your Sporcle Settings to finish the process.

Report this User

Report this user for behavior that violates our Community Guidelines.

Details: